| 000 | 01093pam a2200337 a 4500 | ||
|---|---|---|---|
| 999 |
_c9704 _d9704 |
||
| 001 | 9704 | ||
| 003 | BD - JhCC | ||
| 005 | 20180328170939.0 | ||
| 008 | 180322s2006 enkabc j 001 0 eng d | ||
| 020 |
_a9780756621599 _c£19.99 |
||
| 020 | _c£19.99 | ||
| 035 |
_a(Uk)013507934 _a(BD - JhCC)9704 |
||
| 035 | _a(UkLCURL)99013507934 | ||
| 038 | _aUk | ||
| 040 |
_aStDuBDS _cStDuBDS _dUk _dBD - JhCC |
||
| 041 | _aeng | ||
| 082 | 0 | 4 |
_a031.02 _222 _bPIC 2006 |
| 090 | _aBNB | ||
| 245 | 0 | 0 |
_aPick me up : _bstuff you need to know ... / _cDavid Roberts, Jeremy Leslie, |
| 260 |
_aLondon : _bDorling Kindersley, _cc2006. |
||
| 300 |
_a351 p. : _bill. (chiefly col.), col. map, ports. (some col.) ; _c25 cm. |
||
| 500 | _aIncludes index. | ||
| 500 | _aCreated by David Roberts and Jeremy Leslie; edited by David Roberts; writers, Simon Adams et al. | ||
| 500 |
_aFormerly CIP. _5Uk |
||
| 650 | 0 | _aChildren's encyclopedias and dictionaries. | |
| 700 | 1 |
_aRoberts, David, _d1954- |
|
| 700 | 1 | _aLeslie, Jeremy. | |
| 700 | 1 |
_aAdams, Simon, _d1955- |
|
| 942 |
_2ddc _cBK |
||